|
|
|
|
| LEADER |
00676nam a22001817a 4500 |
| 082 |
|
|
|a 407
|b VED/A M8
|
| 100 |
|
|
|a വേദബന്ധു
|9 252186
|
| 100 |
|
|
|a Vedabendhu
|9 252187
|
| 240 |
|
|
|a Arthavijnanam
|
| 245 |
|
|
|a അ൪ഥവിജ്ഞാനം
|
| 250 |
|
|
|a 2nd (1st 1972)
|
| 260 |
|
|
|a Trivandrum;
|b State Institute of Languages;
|c 1988
|
| 300 |
|
|
|a 80p.
|
| 650 |
|
|
|a മലയാളം; ഭാഷാപഠനം
|9 252188
|
| 650 |
|
|
|a Malayalam; Language Study
|9 252189
|
| 942 |
|
|
|c BK
|
| 999 |
|
|
|c 50164
|d 50164
|
| 952 |
|
|
|0 0
|1 0
|4 0
|6 407_000000000000000_VED_A_M8
|7 0
|8 LanStu
|9 59169
|a MAL
|b MAL
|d 2016-03-18
|e CR-507
|g 10.00
|l 0
|o 407 VED/A M8
|p MALCR-000507
|r 2016-03-18
|t 1
|w 2016-03-18
|y BK
|